| 000 | 00518nam a2200193Ia 4500 | ||
|---|---|---|---|
| 008 | 131103s9999 xx 000 0 und d | ||
| 040 | _aLoreto College | ||
| 041 | _aEnglish | ||
| 082 |
_a821.7/E107 _bLCBkB/38202 |
||
| 100 | _aGlover, A.S.B. | ||
| 245 |
_aByron _cA.S.B.Glover |
||
| 260 |
_aEngland _bPenguin _c1954 |
||
| 300 |
_axvii,365p. _c 22 cm. |
||
| 504 | _aIncludes bibligraphical references | ||
| 650 | _aByron, George Gordon | ||
| 651 | _aEnglish Poetry | ||
| 850 | _aLCBkB/821.7/E107 | ||
| 942 | _cBK | ||
| 999 |
_c35527 _d86006 |
||